000
00207nam a22000857a 4500
001
1235992
005
20251001115423.0
245
_a
ŞAŞGIN CENGAVER
_c
İSMET BERTAN
260
_b
GÜNIŞIĞI KİTAPLIĞI YAYINLARI
999
_c
1235992
_d
1235992